Estudio del impuesto sobre la renta (Registro nro. 166940)
[ vista simple ]
| 000 -LEADER | |
|---|---|
| fixed length control field | 03178nam a22002777a 4500 |
| 007 - PHYSICAL DESCRIPTION FIXED FIELD--GENERAL INFORMATION | |
| fixed length control field | cr|||| |||| |
| 008 - FIXED-LENGTH DATA ELEMENTS--GENERAL INFORMATION | |
| fixed length control field | 190514s2019 mx |||||s|||| 00||0 spa d |
| 020 ## - INTERNATIONAL STANDARD BOOK NUMBER | |
| International Standard Book Number | 978-607-629-369-0 |
| 035 ## - | |
| -- | 23399 |
| 040 ## - CATALOGING SOURCE | |
| Original cataloging agency | vLex |
| 090 ## - | |
| -- | 8703 |
| -- | 8703 |
| 100 1# - MAIN ENTRY--PERSONAL NAME | |
| Personal name | Pérez Chávez, José |
| 245 10 - TITLE STATEMENT | |
| Title | Estudio del impuesto sobre la renta |
| Medium | [Recurso electrónico] : |
| Remainder of title | Personas morales 2019 / |
| Statement of responsibility, etc | José Pérez Chávez, Raymundo Fol Olguín |
| 256 ## - | |
| -- | Servicio en línea |
| 260 ## - PUBLICATION, DISTRIBUTION, ETC. (IMPRINT) | |
| Place of publication, distribution, etc | Ciudad de México: |
| Name of publisher, distributor, etc | Tax Editores, |
| Date of publication, distribution, etc | 2019 |
| 300 ## - PHYSICAL DESCRIPTION | |
| Extent | 1 recurso electrónico |
| 500 ## - GENERAL NOTE | |
| General note | Entre los tributos más importantes del sistema fiscal mexicano se encuentra el impuesto sobre la renta (ISR), el cual, por lo general, grava la renta (utilidades) de las personas físicas y morales. Por esta razón hemos elaborado esta obra denominada Estudio del impuesto sobre la renta. Personas morales. Su principal objetivo es presentar a los lectores un extenso análisis de las disposiciones fiscales relacionadas con dicho gravamen mediante el marco teórico de cada tema, y la resolución de diversos casos prácticos. El lector encontrará en esta obra, entre otros, los siguientes temas relativos a las personas morales del régimen general de ley, del régimen de flujo de efectivo, del régimen de actividades agrícolas, ganaderas, silvícolas y pesqueras, así como de los coordinados: 1. Determinación de los pagos provisionales y del impuesto del ejercicio. 2. Tratamiento de las pérdidas fiscales. 3. Cálculo de la base gravable y del importe de la PTU. 4. Determinación de la parte deducible en el ISR correspondiente a los pagos a trabajadores que se encuentren exentos de este impuesto. 5. Cálculo de la deducción de inversiones y del costo de lo vendido. 6. Determinación del ajuste anual por inflación acumulable y deducible. 7. Tratamiento de las pérdidas y utilidades cambiarias. 8. Cálculo de la cuenta de utilidad f iscal neta (Cufin) y de la cuenta de capital de aportación (Cuca). 9. Determinación de la retención del ISR por los pagos de salarios. 10. Régimen opcional para grupos de sociedades. El libro incluye, entre otros, los ordenamientos fiscales siguientes: 1. La Ley de Ingresos de la Federación vigente. 2. La Resolución Miscelánea Fiscal. Estamos seguros de que esta obra será de gran utilidad para las personas encargadas del cumplimiento de las obligaciones fiscales dentro de las empresas, profesionales del área fiscal, estudiantes de nuestra legislación fiscal y, en general, para toda persona interesada en temas fiscales. |
| 506 1# - RESTRICTIONS ON ACCESS NOTE | |
| Terms governing access | Disponible solo en los productos indicados |
| Authorized users | vLex Global |
| -- | vLex Global (Academic Edition, excluding Law Schools) |
| -- | vLex Global (U.S. Academic Edition, Law Schools) |
| -- | vLex Global (U.S. Academic Edition, excluding Law Schools) |
| -- | vLex Global (Academic Edition, Law Schools) |
| 650 04 - SUBJECT ADDED ENTRY--TOPICAL TERM | |
| Topical term or geographic name as entry element | Derecho Fiscal |
| Geographic subdivision | México |
| 650 04 - SUBJECT ADDED ENTRY--TOPICAL TERM | |
| Topical term or geographic name as entry element | Imposición directa |
| Geographic subdivision | México |
| 700 1# - ADDED ENTRY--PERSONAL NAME | |
| Personal name | Fol Olguín, Raymundo |
| 740 0# - | |
| -- | vLex Libros (Servicio en línea) |
| 856 40 - LOCALIZACIÓN Y ACCESO ELECTRÓNICO | |
| Identificador Uniforme del Recurso (URI/URL) | https://app.vlex.com/#/sources/estudio-del-impuesto-sobre-la-renta-personas-morales-2019-23399 |
| 942 ## - | |
| -- | RAA |
| 999 ## - | |
| -- | 166940 |
| -- | 166940 |
No hay ítems disponibles.